000 00798cam a2200241 4500
001 sa 68014488
003 DLC
005 20260227112632.0
008 700205s1966 ii 000 0 eng
010 _asa 68014488
025 _aPL480:I-E-10772
040 _aDLC
_cDLC
_dDLC
050 0 0 _aS539.I4
_bM3
082 0 0 _a630/.71/154792
110 1 _aMaharashtra, India (State).
_bAdvisory Committee for the Establishment of Agricultural University in Maharashtra State.
245 1 0 _aEstablishment of Agricultural University in Maharashtra;
_breport.
260 _a[Bombay,
_c1966?]
300 _a1 v. (various pagings)
_c31 cm.
350 _a10.00
500 _aCaption title.
500 _aL.C. copy imperfect: cover and t.p. wanting.
650 0 _aAgricultural colleges
_zIndia
_zMaharashtra.
999 _c85828
_d85828